| 000 | 01307nam a2200301 a 4500 | ||
|---|---|---|---|
| 999 |
_c357753 _d357753 |
||
| 001 | 000000429100 | ||
| 003 | IT-MiSPE | ||
| 005 | 20180120122342.0 | ||
| 008 | 170628s2017 it 001 0 ita d | ||
| 020 | _a9788831548700 | ||
| 040 |
_aPUG _bita _dclb _cIT-MiSPE |
||
| 084 | _a12 M | ||
| 084 | _a11 H | ||
| 130 | 0 |
_aBiblia. _pV.T. _pMichaeas. _lItaliano. _956762 |
|
| 245 | 1 | 0 |
_aMichea / _cnuova versione, introduzione e commento di Massimiliano Scandroglio. |
| 260 |
_aMilano : _bEdizioni Paoline, _c©2017. |
||
| 300 |
_a277 p. ; _c24 cm |
||
| 490 | 1 |
_aI libri biblici. _aPrimo Testamento ; _v017 |
|
| 504 | _aBibliografia (p. [241]-260) e indici | ||
| 630 | 0 | 4 |
_aBiblia. _pV.T. _pMichaeas _xVersioni italiano. _956763 |
| 630 | 0 | 4 |
_aBiblia. _pV.T. _pMichaeas _xCommenti italiano. _956764 |
| 655 | 7 |
_aSacra Scrittura. Studi sul Vecchio Testamento _xProfeti minori. _2local _956765 |
|
| 655 | 7 |
_aSacra Scrittura. Testi originali, versioni, traduzioni antiche e traduzioni moderne _xItaliano. _2local _956766 |
|
| 700 | 1 |
_aScandroglio, Massimiliano, _csac., _d1977-, _etraduttore, _eautore di introduzione, _ecommentatore di testo scritto. _956767 |
|
| 830 | 2 |
_aI libri biblici. _pPrimo Testamento ; _v017. _956768 |
|
| 942 |
_2ddc _cBK |
||